[Event "Benidorm 2015 - sub2300"]
[Site "Benidorm ESP"]
[Date "2015.12.02"]
[Round "5.6"]
[White "Nieves Cabanes, Jose Manuel"]
[Black "Madina Yadarola, Martin"]
[Result "1/2-1/2"]
[WhiteElo "2191"]
[BlackElo "2237"]
[PlyCount "89"]
[EventDate "2015.11.28"]
[EventType "swiss"]
[EventRounds "10"]
[EventCountry "ESP"]
[Source "lmi"]
[SourceDate "2015.11.28"]

1. d4 Nf6 2. c4 g6 3. Nc3 Bg7 4. e4 d6 5. Nf3 O-O 6. Be2 e5 7. O-O Nc6 8. Be3
Ng4 9. Bg5 f6 10. Bh4 g5 11. Bg3 Nh6 12. d5 Nd4 13. Nxd4 exd4 14. Nb5 f5 15. f3
d3 16. Qxd3 Bxb2 17. Rab1 Bg7 18. Rfc1 b6 19. Nd4 f4 20. Bf2 Nf7 21. Nc6 Ne5
22. Nxd8 Nxd3 23. Bxd3 Rxd8 24. g3 Be5 25. Kf1 h5 26. Ke2 Kf7 27. Rg1 g4 28.
gxf4 Bxf4 29. Bg3 Bxg3 30. hxg3 gxf3+ 31. Kxf3 Bg4+ 32. Ke3 Kg7 33. Rbf1 Rf8
34. Rf4 Rf6 35. Rgf1 Raf8 36. Bc2 R8f7 37. R1f2 Rf8 38. Bd3 R8f7 39. Be2 Bxe2
40. Kxe2 Kg6 41. Ke3 Kg5 42. a4 a6 43. Rf1 Rf8 44. R1f2 R8f7 45. Rf1 1/2-1/2

[Event "Benidorm 2015 - sub2300"]
[Site "Benidorm ESP"]
[Date "2015.12.02"]
[Round "5.7"]
[White "Jordan Martinez, Miguel"]
[Black "Uran Bermudez, Oliver Kevin"]
[Result "1-0"]
[WhiteElo "2237"]
[BlackElo "2189"]
[PlyCount "63"]
[EventDate "2015.11.28"]
[EventType "swiss"]
[EventRounds "10"]
[EventCountry "ESP"]
[Source "lmi"]
[SourceDate "2015.11.28"]

1. e4 c6 2. Nf3 d6 3. d4 Bg4 4. h3 Bxf3 5. Qxf3 Nf6 6. Nc3 e5 7. Be3 Nbd7 8.
O-O-O Qa5 9. Kb1 Be7 10. g4 exd4 11. Bxd4 Ne5 12. Qg3 h5 13. f4 h4 14. Qf2 Ned7
15. g5 c5 16. gxf6 cxd4 17. fxg7 Rg8 18. Qxd4 Rc8 19. Bb5 a6 20. Bxd7+ Kxd7 21.
Nd5 Rc6 22. Nf6+ Bxf6 23. Qxf6 Ke8 24. Rxd6 Rxd6 25. Qxd6 Rxg7 26. Qb8+ Ke7 27.
Qxb7+ Kf8 28. Qb8+ Ke7 29. Rd1 Rg3 30. f5 Rxh3 31. Qd6+ Ke8 32. f6 1-0

[Event "Benidorm 2015 - sub2300"]
[Site "Benidorm ESP"]
[Date "2015.12.02"]
[Round "5.9"]
[White "Gajic, Mladen"]
[Black "Bilquez, Romain"]
[Result "1/2-1/2"]
[WhiteElo "2233"]
[BlackElo "2178"]
[PlyCount "36"]
[EventDate "2015.11.28"]
[EventType "swiss"]
[EventRounds "10"]
[EventCountry "ESP"]
[Source "lmi"]
[SourceDate "2015.11.28"]

1. d4 e6 2. e4 d5 3. Nc3 Nf6 4. Bg5 Bb4 5. e5 h6 6. Bh4 g5 7. Bg3 Ne4 8. Nge2
c5 9. a3 Bxc3+ 10. Nxc3 Nxc3 11. bxc3 Qa5 12. Qd2 Nc6 13. h4 g4 14. dxc5 Qxc5
15. Be2 h5 16. f3 gxf3 17. Bxf3 Bd7 18. Bf2 Qc4 1/2-1/2

[Event "Benidorm 2015 - sub2300"]
[Site "Benidorm ESP"]
[Date "2015.12.02"]
[Round "5.10"]
[White "Longa Yauca, Javier"]
[Black "Roig Aguilar, Alejandro"]
[Result "0-1"]
[WhiteElo "2232"]
[BlackElo "2185"]
[PlyCount "107"]
[EventDate "2015.11.28"]
[EventType "swiss"]
[EventRounds "10"]
[EventCountry "ESP"]
[Source "lmi"]
[SourceDate "2015.11.28"]

1. d4 Nf6 2. c4 e6 3. Nf3 Bb4+ 4. Nbd2 b6 5. a3 Bxd2+ 6. Nxd2 Bb7 7. e3 O-O 8.
b3 d6 9. Bb2 Nbd7 10. Nf3 Ne4 11. Qc2 f5 12. Rd1 Ndf6 13. Be2 Qe8 14. O-O Qg6
15. Bc1 Kh8 16. Ne1 Ng5 17. f3 Rae8 18. Nd3 e5 19. d5 f4 20. Ne1 Qh6 21. exf4
exf4 22. Bd3 Nd7 23. Qf2 Rf6 24. Bb2 Ne5 25. h4 Ngf7 26. Kh2 g5 27. Rh1 g4 28.
Kg1 g3 29. Qc2 Bc8 30. Be4 Kg8 31. b4 Qh5 32. Qa4 Re7 33. Qxa7 Bf5 34. Qa8+ Kg7
35. Bxf5 Qxf5 36. Qa4 Nd3 37. Bc3 Nxe1 38. Kf1 Nd3 39. Qc2 Nfe5 40. Bd4 h5 41.
Qc3 Kg6 42. Rg1 Rf8 43. a4 Nxf3 44. gxf3 Qh3+ 45. Rg2 Qh1+ 46. Bg1 Ne5 47. Qc2+
Kg7 48. Qc3 Qxh4 49. Bd4 Qf6 50. Re2 Rfe8 51. Rde1 h4 52. Re4 h3 53. Qd2 g2+
54. Kf2 0-1

[Event "Benidorm 2015 - sub2300"]
[Site "Benidorm ESP"]
[Date "2015.12.02"]
[Round "5.11"]
[White "Parligras, Cosmin"]
[Black "Jimenez Ruano, Adrian"]
[Result "1/2-1/2"]
[WhiteElo "2232"]
[BlackElo "2056"]
[PlyCount "26"]
[EventDate "2015.11.28"]
[EventType "swiss"]
[EventRounds "10"]
[EventCountry "ESP"]
[Source "lmi"]
[SourceDate "2015.11.28"]

1. d4 d5 2. Nf3 Nf6 3. c4 c6 4. e3 e6 5. Bd3 Nbd7 6. b3 Bd6 7. Bb2 Qc7 8. Nbd2
O-O 9. O-O Re8 10. Qc2 h6 11. Rac1 e5 12. cxd5 Nxd5 13. Bc4 N5f6 1/2-1/2

[Event "Benidorm 2015 - sub2300"]
[Site "Benidorm ESP"]
[Date "2015.12.02"]
[Round "5.12"]
[White "Garcia Amoros, Pablo"]
[Black "Lopez Del Alamo, Antonio"]
[Result "0-1"]
[WhiteElo "2161"]
[BlackElo "2224"]
[PlyCount "86"]
[EventDate "2015.11.28"]
[EventType "swiss"]
[EventRounds "10"]
[EventCountry "ESP"]
[Source "lmi"]
[SourceDate "2015.11.28"]

1. d4 Nf6 2. c4 g6 3. Nc3 Bg7 4. e4 d6 5. Nf3 O-O 6. Be2 e5 7. O-O Nc6 8. d5
Ne7 9. b4 a5 10. Ba3 axb4 11. Bxb4 b6 12. a4 Re8 13. Nb5 Nxe4 14. a5 Ba6 15.
axb6 cxb6 16. Qc2 Nc5 17. Bxc5 bxc5 18. Rab1 Bxb5 19. Rxb5 Nc8 20. Nd2 f5 21.
Nb1 e4 22. Rb3 Nb6 23. Na3 Nd7 24. Nb5 Ne5 25. Rfb1 Nf7 26. Ra3 Rxa3 27. Nxa3
Qa5 28. Nb5 Ra8 29. Bf1 Bd4 30. Rd1 Be5 31. Rb1 Kg7 32. Rb3 Qd8 33. Ra3 Rxa3
34. Nxa3 Bd4 35. Nb5 Qe7 36. Qd1 Qe5 37. Nc7 e3 38. Ne6+ Kf6 39. Be2 exf2+ 40.
Kh1 Qe3 41. g3 Qe4+ 42. Bf3 Qe1+ 43. Kg2 f1=Q# 0-1

[Event "Benidorm 2015 - sub2300"]
[Site "Benidorm ESP"]
[Date "2015.12.02"]
[Round "5.14"]
[White "Burguete Archel, Eduardo"]
[Black "Giulian, Philip M"]
[Result "1/2-1/2"]
[WhiteElo "2219"]
[BlackElo "2126"]
[PlyCount "43"]
[EventDate "2015.11.28"]
[EventType "swiss"]
[EventRounds "10"]
[EventCountry "ESP"]
[Source "lmi"]
[SourceDate "2015.11.28"]

1. c4 e6 2. d4 d5 3. Nf3 c6 4. g3 dxc4 5. Bg2 b5 6. Ne5 Bb7 7. a4 a6 8. Nc3 Nf6
9. Bg5 Qc8 10. O-O Nbd7 11. Nxd7 Qxd7 12. Bxf6 gxf6 13. e3 Be7 14. Qf3 Rb8 15.
Ne4 f5 16. Qf4 O-O 17. Nc5 Bxc5 18. Qg5+ Kh8 19. Qf6+ Kg8 20. Qg5+ Kh8 21. Qf6+
Kg8 22. Qg5+ 1/2-1/2

[Event "Benidorm 2015 - sub2300"]
[Site "Benidorm ESP"]
[Date "2015.12.02"]
[Round "5.15"]
[White "Goormachtigh, Johan"]
[Black "Prieto Martin, Alfonso"]
[Result "1/2-1/2"]
[WhiteElo "2177"]
[BlackElo "2238"]
[PlyCount "71"]
[EventDate "2015.11.28"]
[EventType "swiss"]
[EventRounds "10"]
[EventCountry "ESP"]
[Source "lmi"]
[SourceDate "2015.11.28"]

1. d4 Nf6 2. c4 e6 3. Nf3 b6 4. g3 Ba6 5. b3 Bb4+ 6. Bd2 Be7 7. Bc3 d5 8. Nbd2
O-O 9. Ne5 Nfd7 10. Nxd7 Qxd7 11. Bg2 f5 12. O-O c6 13. Rc1 Bf6 14. Bb2 Bb7 15.
Rc2 Na6 16. cxd5 cxd5 17. a3 Rac8 18. Rxc8 Rxc8 19. Qb1 Nc7 20. Rc1 Nb5 21. Nf3
Nd6 22. Ne5 Qb5 23. Rxc8+ Bxc8 24. Qc2 Ba6 25. Nd3 h6 26. a4 Qd7 27. Nb4 Bb7
28. e3 a5 29. Nd3 Qc8 30. Qxc8+ Bxc8 31. Ba3 Ne4 32. Bxe4 dxe4 33. Ne5 Bb7 34.
Bd6 Bxe5 35. Bxe5 Bd5 36. Bc7 1/2-1/2

[Event "Benidorm 2015 - sub2300"]
[Site "Benidorm ESP"]
[Date "2015.12.02"]
[Round "5.16"]
[White "Amdouni, Zoubaier"]
[Black "Lorenzo Duran, Marcos"]
[Result "1-0"]
[WhiteElo "2299"]
[BlackElo "2150"]
[PlyCount "73"]
[EventDate "2015.11.28"]
[EventType "swiss"]
[EventRounds "10"]
[EventCountry "ESP"]
[Source "lmi"]
[SourceDate "2015.11.28"]

1. e4 c6 2. d4 d5 3. e5 c5 4. dxc5 e6 5. Be3 Nh6 6. Bxh6 gxh6 7. Nf3 Nc6 8. Qd2
Bg7 9. Bb5 O-O 10. Bxc6 bxc6 11. O-O f6 12. Re1 Qc7 13. Qe3 Rb8 14. exf6 Rxf6
15. Nbd2 Rxb2 16. c4 Rf4 17. cxd5 cxd5 18. Reb1 Rfb4 19. Nb3 Rc4 20. Qd3 Rcc2
21. Nbd2 Rxd2 22. Nxd2 Qxc5 23. Rc1 Qf8 24. Rab1 Bd7 25. Rxb2 Bxb2 26. Rc7 Qd8
27. Qg3+ Kf7 28. Nb3 e5 29. Rc2 Bd4 30. Nxd4 exd4 31. Qd3 Kg8 32. Qxd4 Be6 33.
Qe5 Qe8 34. Rc7 Qg6 35. Rb7 Qg4 36. f3 Qf5 37. Qg7# 1-0

[Event "Benidorm 2015 - sub2300"]
[Site "Benidorm ESP"]
[Date "2015.12.03"]
[Round "6.1"]
[White "Cano Gimenez, Vicente"]
[Black "Bomans, Arno"]
[Result "1/2-1/2"]
[WhiteElo "2254"]
[BlackElo "2272"]
[PlyCount "70"]
[EventDate "2015.11.28"]
[EventType "swiss"]
[EventRounds "10"]
[EventCountry "ESP"]
[Source "lmi"]
[SourceDate "2015.11.28"]

1. Nf3 f5 2. g3 Nf6 3. Bg2 g6 4. d4 Bg7 5. O-O O-O 6. b3 d6 7. Bb2 Ne4 8. c4
Nc6 9. Nc3 Nxc3 10. Bxc3 e5 11. dxe5 dxe5 12. Qd5+ Kh8 13. Qxd8 Rxd8 14. Ng5
Re8 15. Bxc6 bxc6 16. Rfd1 Bf6 17. Nf3 g5 18. Ne1 Kg7 19. Nd3 Kf7 20. Nc5 Be7
21. Nd3 Bf6 22. Nc5 Be7 23. Nd7 Bd6 24. c5 Ke6 25. Nf6 Kxf6 26. cxd6 cxd6 27.
Rxd6+ Re6 28. Rd8 f4 29. Rad1 Bb7 30. Rxa8 Bxa8 31. Rd7 Re7 32. Bxe5+ Rxe5 33.
Rxa7 Re8 34. gxf4 gxf4 35. h3 c5 1/2-1/2

[Event "Benidorm 2015 - sub2300"]
[Site "Benidorm ESP"]
[Date "2015.12.03"]
[Round "6.2"]
[White "Ustianovich, Nazar"]
[Black "Lopez Rivera, Jesus"]
[Result "1-0"]
[WhiteElo "2290"]
[BlackElo "2163"]
[PlyCount "81"]
[EventDate "2015.11.28"]
[EventType "swiss"]
[EventRounds "10"]
[EventCountry "ESP"]
[Source "lmi"]
[SourceDate "2015.11.28"]

1. Nf3 d6 2. d4 Nf6 3. c4 Nbd7 4. Nc3 e5 5. e4 g6 6. g3 Bg7 7. Bg2 O-O 8. O-O
a6 9. Qc2 exd4 10. Nxd4 Ne5 11. b3 c5 12. Nde2 Rb8 13. Bb2 b5 14. cxb5 axb5 15.
Nf4 Nc6 16. Rad1 Nd4 17. Qb1 Bg4 18. f3 Be6 19. Nce2 Nxe2+ 20. Nxe2 Qb6 21. Nf4
Ne8 22. Rf2 Bxb2 23. Qxb2 Ng7 24. Bf1 Rfd8 25. h4 Rd7 26. Kh2 Ra8 27. Rdd2 Rda7
28. Qf6 Ne8 29. Qc3 Ra5 30. h5 Qd8 31. hxg6 hxg6 32. Nxe6 fxe6 33. e5 b4 34.
Qd3 Qg5 35. exd6 Nf6 36. d7 Nd5 37. Qe4 Kf7 38. Bc4 Rh8+ 39. Kg1 Qf6 40. Bxd5
Qa1+ 41. Rf1 1-0

[Event "Benidorm 2015 - sub2300"]
[Site "Benidorm ESP"]
[Date "2015.12.03"]
[Round "6.3"]
[White "Lopez Del Alamo, Antonio"]
[Black "Dinu, Dumitru-Daniel"]
[Result "1-0"]
[WhiteElo "2224"]
[BlackElo "2268"]
[PlyCount "87"]
[EventDate "2015.11.28"]
[EventType "swiss"]
[EventRounds "10"]
[EventCountry "ESP"]
[Source "lmi"]
[SourceDate "2015.11.28"]

1. d4 c5 2. d5 Nf6 3. Bg5 h6 4. Bxf6 exf6 5. Nc3 d6 6. e4 a6 7. Nf3 Be7 8. a4
f5 9. e5 O-O 10. Be2 Re8 11. O-O Nd7 12. exd6 Bxd6 13. Nd2 Qc7 14. h3 b6 15.
Nc4 Rb8 16. Re1 Bb7 17. Qd2 Ne5 18. Nxd6 Qxd6 19. Qf4 Qf6 20. Rad1 Rbd8 21. Bf1
Kf8 22. Kh1 Bc8 23. d6 Bb7 24. Nd5 Bxd5 25. Rxd5 Nd7 26. Rxe8+ Rxe8 27. Rxf5
Qe6 28. Bc4 Qe1+ 29. Kh2 f6 30. Qf3 Qd2 31. Bd5 Re5 32. c4 Qxb2 33. Qh5 Rxd5
34. Rxd5 Qxf2 35. Qf3 Qe1 36. Rd1 Qe5+ 37. Kh1 Kf7 38. Qb7 Ke6 39. Qc8 Qh5 40.
Qg8+ Qf7 41. Qc8 Qh5 42. Qg8+ Qf7 43. Qd8 Qh5 44. Qe7+ 1-0

[Event "Benidorm 2015 - sub2300"]
[Site "Benidorm ESP"]
[Date "2015.12.03"]
[Round "6.4"]
[White "Hristodorescu, Daniel"]
[Black "Sanchez Jerez, Emilio Miguel"]
[Result "1-0"]
[WhiteElo "2222"]
[BlackElo "2243"]
[PlyCount "131"]
[EventDate "2015.11.28"]
[EventType "swiss"]
[EventRounds "10"]
[EventCountry "ESP"]
[Source "lmi"]
[SourceDate "2015.11.28"]

1. e4 c5 2. Nf3 Nc6 3. Bb5 Nf6 4. Bxc6 dxc6 5. Nc3 g6 6. d3 Bg7 7. Be3 Nd7 8.
Qd2 h6 9. d4 cxd4 10. Bxd4 e5 11. Be3 Qc7 12. O-O Nb6 13. b3 Be6 14. Ne1 f5 15.
f3 f4 16. Bc5 Rd8 17. Qf2 Nd7 18. Ba3 Qa5 19. Na4 Kf7 20. Nd3 b6 21. Rfd1 c5
22. Bb2 c4 23. Bc3 Qb5 24. Ndb2 Qc6 25. Be1 Bf8 26. bxc4 Ba3 27. Rd3 Be7 28.
Kh1 Bxc4 29. Nxc4 Qxc4 30. Nb2 Qe6 31. c4 Bc5 32. Qc2 Bd4 33. Bc3 Nc5 34. Rdd1
Rd7 35. Bxd4 exd4 36. Nd3 g5 37. a4 Rc8 38. Nb4 Qe5 39. Rab1 h5 40. Nd3 Nxd3
41. Qxd3 Rc5 42. Rb5 Kf6 43. h3 Rxb5 44. cxb5 Qc5 45. Qb3 Rd8 46. Qd3 Ke5 47.
Qb3 Qc7 48. Rd2 Qc1+ 49. Rd1 Qc7 50. Rd2 g4 51. Rc2 Qd7 52. Rc6 gxf3 53. Qxf3
Qf7 54. Rh6 d3 55. Rxh5+ Kd4 56. Rf5 Qc7 57. Rxf4 Qc1+ 58. Kh2 d2 59. e5+ Kc5
60. Qe3+ Kd5 61. Rd4+ Ke6 62. Qh6+ Kxe5 63. Qf4+ Ke6 64. Qe4+ Kf7 65. Qf5+ Ke7
66. Qg5+ 1-0

[Event "Benidorm 2015 - sub2300"]
[Site "Benidorm ESP"]
[Date "2015.12.03"]
[Round "6.5"]
[White "Picazo Lopez, Juan Antonio"]
[Black "Jordan Martinez, Miguel"]
[Result "1-0"]
[WhiteElo "2191"]
[BlackElo "2237"]
[PlyCount "109"]
[EventDate "2015.11.28"]
[EventType "swiss"]
[EventRounds "10"]
[EventCountry "ESP"]
[Source "lmi"]
[SourceDate "2015.11.28"]

1. d4 d5 2. c4 c6 3. Nf3 Nf6 4. Nc3 dxc4 5. a4 Nbd7 6. e4 Qa5 7. Bd2 e5 8. d5
Bb4 9. Bxc4 O-O 10. O-O Re8 11. dxc6 bxc6 12. Qb3 Re7 13. Bxf7+ Kf8 14. Bc4 Nb6
15. Be2 Be6 16. Qc2 Nc4 17. Rfd1 Nxd2 18. Nxd2 Rb8 19. Bc4 Qc5 20. Bxe6 Rxe6
21. Nf1 Ba5 22. Rac1 Re7 23. Nd2 Bb6 24. Rf1 Reb7 25. b3 Ba5 26. Ncb1 Qe7 27.
Qxc6 Rc7 28. Qa6 Rxc1 29. Rxc1 Bb6 30. Rc8+ Rxc8 31. Qxc8+ Kf7 32. Qc4+ Kg6 33.
h3 Qd6 34. b4 a5 35. b5 Bc5 36. Kf1 Qb6 37. Qe2 Qd6 38. Nb3 Bb6 39. N1d2 Ba7
40. Nc4 Qe6 41. Nbxa5 Qe7 42. Nc6 Qc5 43. Nxa7 Nh5 44. Nc6 Nf4 45. Qg4+ Kh6 46.
N6xe5 g5 47. h4 Ng6 48. hxg5+ Kg7 49. Qd7+ Ne7 50. b6 Qb4 51. f3 h5 52. b7 Qb1+
53. Kf2 Qc2+ 54. Kg3 h4+ 55. Kh3 1-0

[Event "Benidorm 2015 - sub2300"]
[Site "Benidorm ESP"]
[Date "2015.12.03"]
[Round "6.6"]
[White "Roig Aguilar, Alejandro"]
[Black "Amdouni, Zoubaier"]
[Result "1-0"]
[WhiteElo "2185"]
[BlackElo "2299"]
[PlyCount "97"]
[EventDate "2015.11.28"]
[EventType "swiss"]
[EventRounds "10"]
[EventCountry "ESP"]
[Source "lmi"]
[SourceDate "2015.11.28"]

1. d4 Nf6 2. c4 e6 3. Nc3 Bb4 4. g3 O-O 5. Bg2 d6 6. Nf3 Qe7 7. Qb3 Nc6 8. O-O
Bxc3 9. Qxc3 Ne4 10. Qe3 f5 11. Ne1 e5 12. d5 Nd4 13. b3 c5 14. Qd3 Nc3 15. e3
Nce2+ 16. Kh1 Nxc1 17. Rxc1 e4 18. Qd1 f4 19. exd4 f3 20. Nxf3 exf3 21. Bxf3
cxd4 22. Bg2 Qf6 23. Qd2 Bf5 24. Rce1 h6 25. Kg1 a5 26. Re2 a4 27. b4 Rac8 28.
Rc1 d3 29. Re6 Bxe6 30. dxe6 Kh8 31. Bd5 b5 32. Qxd3 Qxf2+ 33. Kh1 bxc4 34.
Rxc4 Rxc4 35. Qxc4 Rf5 36. e7 Qe1+ 37. Kg2 Qxe7 38. b5 Rf8 39. b6 Qe3 40. b7
Qc5 41. Qxc5 dxc5 42. Be6 Rb8 43. Bc8 c4 44. Kf3 g5 45. Ke3 Kg7 46. Kd4 Kf6 47.
Kxc4 Ke5 48. Kc5 Ke4 49. Kb6 1-0

[Event "Benidorm 2015 - sub2300"]
[Site "Benidorm ESP"]
[Date "2015.12.03"]
[Round "6.7"]
[White "Torres Sanchez, Jose"]
[Black "Belousov, Gennadiy"]
[Result "1/2-1/2"]
[WhiteElo "2288"]
[BlackElo "2214"]
[PlyCount "36"]
[EventDate "2015.11.28"]
[EventType "swiss"]
[EventRounds "10"]
[EventCountry "ESP"]
[Source "lmi"]
[SourceDate "2015.11.28"]

1. e4 c5 2. Nc3 d6 3. f4 e6 4. Nf3 Nc6 5. d4 cxd4 6. Nxd4 Nf6 7. Be3 Be7 8. Be2
O-O 9. O-O e5 10. Nb3 exf4 11. Bxf4 Be6 12. Kh1 d5 13. e5 Ne4 14. Nb5 Bg5 15.
g3 Bh3 16. Rf3 Bg4 17. Rf1 Bh3 18. Rf3 Bg4 1/2-1/2

[Event "Benidorm 2015 - sub2300"]
[Site "Benidorm ESP"]
[Date "2015.12.04"]
[Round "7.1"]
[White "Cano Gimenez, Vicente"]
[Black "Ustianovich, Nazar"]
[Result "1/2-1/2"]
[WhiteElo "2254"]
[BlackElo "2290"]
[PlyCount "85"]
[EventDate "2015.11.28"]
[EventType "swiss"]
[EventRounds "10"]
[EventCountry "ESP"]
[Source "lmi"]
[SourceDate "2015.11.28"]

1. Nf3 Nf6 2. g3 b6 3. Bg2 Bb7 4. c4 e6 5. O-O Be7 6. Nc3 O-O 7. d4 Ne4 8. Bd2
f5 9. d5 Bf6 10. Rc1 Na6 11. Ne1 Nac5 12. b4 Nxc3 13. Bxc3 Ne4 14. Bxf6 Qxf6
15. Nd3 a5 16. dxe6 dxe6 17. b5 Rad8 18. Qc2 Rf7 19. c5 Bd5 20. f3 Qd4+ 21. Kh1
Nxc5 22. Nxc5 Qxc5 23. Qxc5 bxc5 24. Rfd1 Rfd7 25. Rd2 Bxa2 26. Rxa2 Rd1+ 27.
Rxd1 Rxd1+ 28. Bf1 Rxf1+ 29. Kg2 Rb1 30. Rxa5 Kf8 31. Ra7 Rxb5 32. Rxc7 Rb2 33.
Kf2 Rc2 34. f4 Rc3 35. Kg2 h6 36. h4 h5 37. Kf2 Rc4 38. Kf3 Rc1 39. Ke3 Rc3+
40. Kf2 Rc4 41. Kf3 Kg8 42. Kf2 Kf8 43. Rc6 1/2-1/2

[Event "Benidorm 2015 - sub2300"]
[Site "Benidorm ESP"]
[Date "2015.12.04"]
[Round "7.2"]
[White "Lopez Del Alamo, Antonio"]
[Black "Picazo Lopez, Juan Antonio"]
[Result "1-0"]
[WhiteElo "2224"]
[BlackElo "2191"]
[PlyCount "69"]
[EventDate "2015.11.28"]
[EventType "swiss"]
[EventRounds "10"]
[EventCountry "ESP"]
[Source "lmi"]
[SourceDate "2015.11.28"]

1. Nf3 d5 2. g3 Nf6 3. Bg2 e6 4. O-O Be7 5. d3 O-O 6. Nbd2 c5 7. e4 Nc6 8. e5
Nd7 9. Re1 b5 10. h4 c4 11. d4 a5 12. Nf1 b4 13. c3 a4 14. a3 bxa3 15. bxa3 Rb8
16. N1h2 Rb3 17. Qc2 Qa5 18. Re3 Re8 19. Ng5 Nf8 20. Rf3 f5 21. exf6 Bxf6 22.
Ng4 Bxg5 23. Bxg5 e5 24. Nxe5 Nxe5 25. dxe5 Rxe5 26. Qd2 Ne6 27. Bf4 Rf5 28.
Re1 d4 29. g4 dxc3 30. Qd6 Rb6 31. gxf5 Rxd6 32. Bxd6 c2 33. Bb4 Qe5 34. Rxe5
c1=Q+ 35. Re1 1-0

[Event "Benidorm 2015 - sub2300"]
[Site "Benidorm ESP"]
[Date "2015.12.04"]
[Round "7.3"]
[White "Roig Aguilar, Alejandro"]
[Black "Hristodorescu, Daniel"]
[Result "0-1"]
[WhiteElo "2185"]
[BlackElo "2222"]
[PlyCount "78"]
[EventDate "2015.11.28"]
[EventType "swiss"]
[EventRounds "10"]
[EventCountry "ESP"]
[Source "lmi"]
[SourceDate "2015.11.28"]

1. d4 Nf6 2. c4 g6 3. Nc3 Bg7 4. e4 O-O 5. Nf3 d6 6. Be2 e5 7. d5 Nbd7 8. Be3
a5 9. Nd2 Nc5 10. a3 Bd7 11. b4 axb4 12. axb4 Rxa1 13. Qxa1 Na6 14. Qa3 Ng4 15.
Bxg4 Bxg4 16. c5 dxc5 17. bxc5 Bc8 18. O-O f5 19. f3 Rf7 20. d6 Be6 21. Qa5 Qd7
22. Nb5 Bf8 23. Rd1 cxd6 24. cxd6 Qc6 25. exf5 gxf5 26. Nf1 f4 27. Na7 Qc2 28.
Qd2 Qg6 29. Bb6 Rd7 30. Nb5 Bc4 31. Rc1 Qe6 32. Nc7 Qxd6 33. Qxd6 Rxd6 34. Bf2
b5 35. Nxa6 Rxa6 36. Nd2 Bd3 37. g3 Ra2 38. Nb3 Bc4 39. Nc5 Rxf2 0-1

[Event "Benidorm 2015 - sub2300"]
[Site "Benidorm ESP"]
[Date "2015.12.04"]
[Round "7.4"]
[White "Gajic, Mladen"]
[Black "Sadilek, Peter"]
[Result "1/2-1/2"]
[WhiteElo "2233"]
[BlackElo "2280"]
[PlyCount "45"]
[EventDate "2015.11.28"]
[EventType "swiss"]
[EventRounds "10"]
[EventCountry "ESP"]
[Source "lmi"]
[SourceDate "2015.11.28"]

1. e4 d6 2. d4 Nf6 3. Nc3 g6 4. Bg5 Bg7 5. Qe2 c6 6. f4 O-O 7. O-O-O b5 8. Bxf6
exf6 9. Qf3 b4 10. Nce2 Qa5 11. Kb1 f5 12. e5 Be6 13. Nc1 dxe5 14. dxe5 Nd7 15.
h4 Rad8 16. Qe2 Nc5 17. Rh3 Bc4 18. Qe1 Rxd1 19. Qxd1 Rd8 20. Qe1 Qb5 21. Rf3
Ne4 22. Bxc4 Qxc4 23. Rd3 1/2-1/2

[Event "Benidorm 2015 - sub2300"]
[Site "Benidorm ESP"]
[Date "2015.12.04"]
[Round "7.5"]
[White "Bomans, Arno"]
[Black "Vidal Zamora, Alex"]
[Result "1/2-1/2"]
[WhiteElo "2272"]
[BlackElo "2203"]
[PlyCount "54"]
[EventDate "2015.11.28"]
[EventType "swiss"]
[EventRounds "10"]
[EventCountry "ESP"]
[Source "lmi"]
[SourceDate "2015.11.28"]

1. e4 c5 2. Nf3 e6 3. d4 cxd4 4. Nxd4 a6 5. c4 Nf6 6. Nc3 Qc7 7. a3 Be7 8. Be2
d6 9. Be3 Nbd7 10. Rc1 b6 11. b4 Bb7 12. f3 O-O 13. O-O Rac8 14. Qd2 Qb8 15.
Nb3 Bd8 16. Kh1 Bc7 17. Bg1 Rfe8 18. Rb1 d5 19. exd5 Bf4 20. Qc2 exd5 21. c5 d4
22. Nxd4 bxc5 23. bxc5 Nxc5 24. Na4 Qe5 25. Nxc5 Rxc5 26. Qb2 Bc8 27. Bd3 Qd5
1/2-1/2

[Event "Benidorm 2015 - sub2300"]
[Site "Benidorm ESP"]
[Date "2015.12.04"]
[Round "7.7"]
[White "Gomez Dieguez, David"]
[Black "Torres Sanchez, Jose"]
[Result "0-1"]
[WhiteElo "2179"]
[BlackElo "2288"]
[PlyCount "34"]
[EventDate "2015.11.28"]
[EventType "swiss"]
[EventRounds "10"]
[EventCountry "ESP"]
[Source "lmi"]
[SourceDate "2015.11.28"]

1. e4 e6 2. d4 d5 3. Nd2 c5 4. exd5 Qxd5 5. Ngf3 cxd4 6. Bc4 Qd7 7. O-O Nc6 8.
Nb3 Nf6 9. Nbxd4 Nxd4 10. Nxd4 a6 11. c3 b5 12. Be2 Bb7 13. Bf3 Be7 14. Nc6
Bxc6 15. Qxd7+ Kxd7 16. Rd1+ Kc7 17. Bf4+ Kb7 0-1

[Event "Benidorm 2015 - sub2300"]
[Site "Benidorm ESP"]
[Date "2015.12.04"]
[Round "7.15"]
[White "Serarols Mabras, Bernat"]
[Black "Jimenez Ruano, Adrian"]
[Result "1/2-1/2"]
[WhiteElo "2224"]
[BlackElo "2056"]
[PlyCount "33"]
[EventDate "2015.11.28"]
[EventType "swiss"]
[EventRounds "10"]
[EventCountry "ESP"]
[Source "lmi"]
[SourceDate "2015.11.28"]

1. d4 d5 2. c4 c6 3. Nf3 Nf6 4. e3 e6 5. Nc3 Nbd7 6. Qc2 Bd6 7. Be2 O-O 8. O-O
Qe7 9. Rd1 b6 10. e4 dxe4 11. Nxe4 Nxe4 12. Qxe4 Nf6 13. Qxc6 Bd7 14. Qb7 Rfb8
15. Qa6 Ne8 16. c5 bxc5 17. dxc5 1/2-1/2

[Event "Benidorm 2015 - sub2300"]
[Site "Benidorm ESP"]
[Date "2015.12.05"]
[Round "8.1"]
[White "Hristodorescu, Daniel"]
[Black "Cano Gimenez, Vicente"]
[Result "1/2-1/2"]
[WhiteElo "2222"]
[BlackElo "2254"]
[PlyCount "135"]
[EventDate "2015.11.28"]
[EventType "swiss"]
[EventRounds "10"]
[EventCountry "ESP"]
[Source "lmi"]
[SourceDate "2015.11.28"]

1. e4 c5 2. Nf3 g6 3. c4 Nc6 4. d4 cxd4 5. Nxd4 Nf6 6. Nc3 d6 7. Be2 Nxd4 8.
Qxd4 Bg7 9. Be3 O-O 10. Qd2 Be6 11. f3 Qa5 12. Nb5 Qxd2+ 13. Kxd2 Nd7 14. Rab1
Ne5 15. Rhc1 Nc6 16. Nc7 Rac8 17. Nxe6 fxe6 18. b4 Bd4 19. Bd1 Bxe3+ 20. Kxe3
e5 21. c5 Nd4 22. Bb3+ Nxb3 23. Rxb3 Rc6 24. Ra3 a6 25. Rac3 Rfc8 26. Kd3 Kf7
27. cxd6 Rxd6+ 28. Ke3 Rcd8 29. R1c2 Rd4 30. Rb2 R8d6 31. Rc5 Kf6 32. Rc3 g5
33. Rc8 h6 34. Rf8+ Ke6 35. h4 gxh4 36. Rf5 Rd3+ 37. Ke2 Rd1 38. Rh5 Rh1 39.
Rxh6+ Kd7 40. Rd2 Rxd2+ 41. Kxd2 Rh2 42. Kc3 Rxg2 43. a4 Rg3 44. Rxh4 Rxf3+ 45.
Kc4 Rf4 46. Rh6 Rxe4+ 47. Kc5 Rd4 48. Rb6 Kc7 49. Re6 Rd7 50. a5 Kd8 51. Rxe5
Rd6 52. b5 axb5 53. Kxb5 Kd7 54. Rh5 Kc7 55. Rc5+ Rc6 56. Re5 e6 57. Rh5 Rd6
58. Rh7+ Rd7 59. Rh6 Re7 60. Kc5 Kd7 61. Rg6 Rh7 62. Kb6 Kd6 63. Rg8 e5 64.
Rd8+ Ke6 65. Re8+ Kd5 66. Rd8+ Kc4 67. Rc8+ Kd4 68. Rc7 1/2-1/2

[Event "Benidorm 2015 - sub2300"]
[Site "Benidorm ESP"]
[Date "2015.12.05"]
[Round "8.2"]
[White "Serra Pages, Jordi"]
[Black "Lopez Del Alamo, Antonio"]
[Result "1/2-1/2"]
[WhiteElo "2236"]
[BlackElo "2224"]
[PlyCount "58"]
[EventDate "2015.11.28"]
[EventType "swiss"]
[EventRounds "10"]
[EventCountry "ESP"]
[Source "lmi"]
[SourceDate "2015.11.28"]

1. d4 Nf6 2. c4 g6 3. Nc3 Bg7 4. e4 d6 5. Nf3 O-O 6. Be2 e5 7. O-O Nc6 8. d5
Ne7 9. b4 a5 10. bxa5 Rxa5 11. a4 b6 12. Ba3 Ra8 13. Bb4 Re8 14. Ne1 Bf8 15.
Nd3 c5 16. Ba3 Bg7 17. Bc1 Rf8 18. Ra3 Ne8 19. f4 f5 20. fxe5 dxe5 21. a5 Nd6
22. axb6 Rxa3 23. Bxa3 fxe4 24. Rxf8+ Bxf8 25. Nxc5 Qxb6 26. Qb3 Qa7 27. Qa4
Qb6 28. Qb3 Qa7 29. Qa4 Qb6 1/2-1/2